000 00490nam a2200157 i 4500
001 76393
003 ES-MaACL
005 20230906172829.0
007 t|
008 041001s1946 ag ||||1| spa d
245 0 0 _aGuía del ballet /
_c[compilada y ordenada por Valere de Besveconny].
260 _aBuenos Aires :
_bEmecé,
_c[1946] (
_fA. Baiocco y Cia.)
300 _a87 p., 8 lám. :
_bil. ;
_c19 cm.
700 1 _aBesveconny, Valère de.
_928626
852 _aES-MaACL
_jB-12839
_bR.29333
999 _c76393
_d76393